Statistiken für Call of Duty-Reihe

Klicken Sie hier um das Quiz zu spielen!

Allgemein

  • Dieses Quiz wurde 633 mal gespielt
    (229 seit der letzten Aktualisierung)
  • Das Durchschnittsergebnis liegt bei 16 aus 22

Antwortstatistiken

JahrSpiel% Korrekt
2010Call of Duty: Black Ops
96%
2012Call of Duty: Black Ops 2
94%
2015Call of Duty: Black Ops 3
94%
2019Call of Duty: Modern Warfare
92%
2009Call of Duty: Modern Warfare 2
88%
2022Call of Duty: Modern Warfare II
88%
2018Call of Duty: Black Ops 4
86%
2011Call of Duty: Modern Warfare 3
86%
2023Call of Duty: Modern Warfare III
86%
2003Call of Duty
84%
2005Call of Duty 2
69%
2006Call of Duty 3
68%
2007Call of Duty 4: Modern Warfare
66%
2013Call of Duty: Ghosts
63%
2014Call of Duty: Advanced Warfare
62%
2017Call of Duty: WW2
62%
2021Call of Duty: Vanguard
56%
2020Call of Duty: Warzone
54%
2008Call of Duty: World at War
53%
2016Call of Duty: Infinite Warfare
52%
2020Call of Duty: Black Ops Cold War
47%
2022Call of Duty: Warzone 2.0
40%

Verteilung der Resultate

Perzentil nach korrekt beantworteten Fragen

Anzahl Personen mit jedem Resultat

Ihre Resultats-Entwicklung

Sie haben dieses Quiz seit der letzten Aktualisierung nicht gespielt